000 00648nam a2200241Ia 4500
003 OSt
005 20221006145735.0
006 a|||||r|||| 00| 0
007 ta
008 221006b |||||||| |||| 00| 0 eng d
020 _cY18000
024 _a15,809
037 _cTextual
040 _aEASL
_cEASL
_beng
041 _2eng
_aeng
082 _aM7:8.42, L6
100 _aNARAZAKI Muneshige
_9655111
245 0 _aJapanese print
_b Its evolution and essence
260 _aTokyo
_bKodansha International
_c1976
300 _a274p.
_ccm.
942 _hM7:8.42, L6
_cTEXL
_2CC
999 _c1083895
_d1083895